000 00363nam a2200145Ia 4500
005 20251222144637.0
008 251222s9999||||xx |||||||||||||| ||spa||
020 _a9688593844
082 _a972.74/M42
100 _aMeneses Morales, Ernesto
245 0 _aLas Estelas de los Vencidos
250 _a1ra.ed.
264 _bUniversidad Iberoamericana
942 _cLIB
999 _c16513
_d16513